000 00565nam a2200205 4500
001 4127227
005 20180226050801.0
008 700525s1970 nyua b 001 0 eng
010 _a 76088843
040 _aDLC
_cDLC
_dDLC
041 _aeng
080 _a624/.151 SOW
082 0 0 _a624.151 SOW
100 1 _a27
101 _aENG
245 1 0 _aIntroductory soil mechanics and foundations
_c[by] George B. Sowers [and] George F. Sowers.
504 _aIncludes bibliographies.
906 _a7
_bcbc
_corignew
_du
_encip
_f19
_gy-gencatlg
942 _2ddc
_cBK
999 _c43441
_d43441